000
00222 a2200097 4500
001
47200
100
_a
Carrington, C
245
_a
Soldier From the War Returning
260
_a
London
_b
Hutchinson
_c
090
_c
30255
_d
30255
942
_a
NUST-CAE
_c
M
_c
22509
999
_c
282273
_d
282273